01302cam a22002655a 4500999001700000005001700017008004100034020001800075020001500093035002400108040006400132082002100196100002000217245007600237250002200313260006000335300003500395504005100430520031600481650005900797651001000856653002200866942000800888952014000896 c27389d2736020190516104617.0100322t2010 maua frb 001 0 eng d a9780538786058 a0538786051 a(OCoLC)ocn290435565 aYDXCPbengcYDXCPdCOOdBTCTAdMUUdDLCdEG-ScBUEdEG-ScBUE04a005.275bKAM2221 aKaminsky, Alan.10aBuilding parallel programs :bSMPs, clusters and Java /cAlan Kaminsky. aInternational ed. aBoston :bCourse Technology, Cengage Learning,cc.2010. axvii, 878 p. :bill. ;c24 cm. aIncludes bibliographical references and index. aHelps readers learn the craft of designing and building parallel programs - specifically programs that employ multiple processors operating at once to solve a large computational problem. This book addresses techniques for parallel programming on both major categories of parallel computers - SMPs and clusters. 7aParallel programming (Computer science).2BUEsh937076 2BUEsh bCOMSCIcApril2019 2ddc 00102ddc40708AlahramaMAINbMAINcLOWd2019-04-18ePurchaseg378.00h33l0o005.275 KAMp000043533r2025-07-15 00:00:00v472.50yBB